000 00683nam a22001577a 4500
003 macl
005 20231105152620.0
008 231105b |||||||| |||| 00| 0 eng d
040 _cmacl
082 _a320
100 _aगुप्‍ता ,संजय
_978630
245 _aमुख्‍य परीक्षा दर्पण मध्‍य प्रदेश लोक सेवा आयोग राजनीतिक विचारक प्रश्‍न पत्र -2 खण्‍ड- अ इकाई -5
260 _aग्‍वालियर
_bनिर्माण IAS प्रकाशन
_c2020
650 _aराजनीति
942 _2ddc
_cHIN
999 _c66327
_d66327